Kaplan & Sadock's Comprehensive textbook of psychiatry (Record no. 2133)

MARC details
000 -LEADER
fixed length control field 00649nam a22002177a 4500
003 - CONTROL NUMBER IDENTIFIER
control field OSt
005 - DATE AND TIME OF LATEST TRANSACTION
control field 20150707151052.0
008 - FIXED-LENGTH DATA ELEMENTS--GENERAL INFORMATION
fixed length control field 150707b xxu||||| |||| 00| 0 eng d
020 ## - INTERNATIONAL STANDARD BOOK NUMBER
International Standard Book Number 9780781768993
040 ## - CATALOGING SOURCE
Transcribing agency DNLM
082 ## - DEWEY DECIMAL CLASSIFICATION NUMBER
Classification number WM100 K173t 2009
100 ## - MAIN ENTRY--PERSONAL NAME
Personal name editor Benjamin, James Sadock
9 (RLIN) 5499
245 ## - TITLE STATEMENT
Title Kaplan & Sadock's Comprehensive textbook of psychiatry
250 ## - EDITION STATEMENT
Edition statement 9th ed.
260 ## - PUBLICATION, DISTRIBUTION, ETC. (IMPRINT)
Place of publication, distribution, etc. Philadelphia;
Name of publisher, distributor, etc. Wolters kluwer,
Date of publication, distribution, etc. 2009
300 ## - PHYSICAL DESCRIPTION
Extent xix,4520p;
Other physical details col.ill:
Dimensions 28cm
504 ## - BIBLIOGRAPHY, ETC. NOTE
Bibliography, etc References, & index included
650 ## - SUBJECT ADDED ENTRY--TOPICAL TERM
Topical term or geographic name as entry element Psychiatry
9 (RLIN) 351
700 ## - ADDED ENTRY--PERSONAL NAME
Personal name editor Virginia, Alcott Sadock ; Pedro, Ruiz
9 (RLIN) 5500
942 ## - ADDED ENTRY ELEMENTS (KOHA)
Source of classification or shelving scheme Other/Generic Classification Scheme
Koha item type Open Shelf
Holdings
Withdrawn status Lost status Source of classification or shelving scheme Damaged status Not for loan Home library Current library Date acquired Source of acquisition Inventory number Total Checkouts Full call number Barcode Date last seen Koha item type
    Other/Generic Classification Scheme     MUST Main Library MUST Main Library 07/07/2015   15/39111   WM100 K173t 2009 2015-2041 07/07/2015 Open Shelf